[Event "XXIII Festival Conca della Presolana A"]
[Site "Bratto - Castione della Presolana ITA"]
[Date "2003.08.28"]
[Round "8"]
[White "Volpinari, Danilo"]
[Black "Bonetti, Marco"]
[Result "1/2-1/2"]
[WhiteElo "2050"]
[BlackElo "2105"]
[PlyCount "45"]
[EventDate "2003.08.21"]

1.e4 Nf6 2.e5 Nd5 3.Qf3 Nb4 4.Na3 N8c6 5.Qe4 d5 6.exd6 Qxd6 7.c3 f5 8.Qe2 
Nd5 9.d4 Nb6 10.Nf3 a6 11.g3 Qe6 12.Bf4 Qxe2+ 13.Bxe2 Nd5 14.Be5 e6 15.Nc4
Bd7 16.O-O Rg8 17.a4 g5 18.Ne1 O-O-O 19.Nd3 Nce7 20.f4 h6 21.Bf3 b5 22.Nd2
gxf4 23.Bxf4 1/2-1/2

[Event "XXIII Festival Conca della Presolana A"]
[Site "Bratto - Castione della Presolana ITA"]
[Date "2003.08.28"]
[Round "8"]
[White "Zoldan, Matteo"]
[Black "Astengo, Marcello"]
[Result "1-0"]
[WhiteElo "2104"]
[BlackElo "2070"]
[PlyCount "65"]
[EventDate "2003.08.21"]

1.e4 e6 2.d4 d5 3.Nc3 Nf6 4.Bg5 Bb4 5.e5 h6 6.Bd2 Bxc3 7.bxc3 Ne4 8.Qg4 
Kf8 9.h4 c5 10.Rh3 Nxd2 11.Kxd2 c4 12.Be2 Kg8 13.Rg3 Qf8 14.Nh3 Nc6 15.Nf4
Ne7 16.Nh5 Ng6 17.Nxg7 Qxg7 18.h5 Kh7 19.Rh1 Bd7 20.hxg6+ fxg6 21.Qg5 Be8 
22.Rgh3 h5 23.f4 Qh6 24.Qe7+ Qg7 25.Qxe6 Bf7 26.Qe7 Rhe8 27.Qg5 Be6 28.
Bxh5 Bxh3 29.Bg4 Re7 30.Rxh3+ Kg8 31.Rh6 Kf8 32.Rxg6 Qh7 33.Be6 1-0

[Event "XXIII Festival Conca della Presolana A"]
[Site "Bratto - Castione della Presolana ITA"]
[Date "2003.08.29"]
[Round "9"]
[White "Alberton, Roberto"]
[Black "Tirrito, Luca"]
[Result "1/2-1/2"]
[WhiteElo "2113"]
[BlackElo "2036"]
[PlyCount "96"]
[EventDate "2003.08.21"]

1.Nf3 d6 2.d4 Bg4 3.e4 Nd7 4.Bc4 e6 5.O-O Be7 6.Re1 Nb6 7.Bb3 Nf6 8.a4 O-O
9.a5 Nc8 10.Nbd2 d5 11.e5 Nd7 12.h3 Bh5 13.g4 Bg6 14.Nh2 c5 15.c3 cxd4 16.
cxd4 Bb4 17.a6 bxa6 18.Bc2 Qb6 19.Nhf3 Ne7 20.Re3 Rac8 21.Bd3 a5 22.Nf1 
Nc6 23.Kg2 Be7 24.Bd2 Nb4 25.Bxb4 axb4 26.h4 Bxd3 27.Qxd3 a5 28.Ree1 Rc6 
29.Ne3 f6 30.exf6 Bxf6 31.g5 Bd8 32.Ng4 Rc4 33.Nge5 Nxe5 34.Rxe5 Bc7 35.
Re2 b3 36.Re3 a4 37.Rae1 Rc6 38.h5 Bf4 39.g6 Bxe3 40.gxh7+ Kh8 41.Rxe3 Rc2
42.Qg6 Qc7 43.Qxe6 Rxb2 44.Ne5 Rfxf2+ 45.Kh3 Rh2+ 46.Kg4 Rbg2+ 47.Rg3 
Rxg3+ 48.Kxg3 Kxh7 1/2-1/2

[Event "XXIII Festival Conca della Presolana A"]
[Site "Bratto - Castione della Presolana ITA"]
[Date "2003.08.29"]
[Round "9"]
[White "Astengo, Marcello"]
[Black "Castelfranchi, Carlo"]
[Result "1-0"]
[WhiteElo "2070"]
[BlackElo "2165"]
[PlyCount "73"]
[EventDate "2003.08.21"]

1.d4 d5 2.c4 dxc4 3.e4 b5 4.a4 c6 5.Nc3 Bd7 6.Be2 e6 7.Bf3 b4 8.Nb1 Qa5 9.
Ne2 Nf6 10.O-O c5 11.Nd2 Nc6 12.Nxc4 Qa6 13.Qd3 Na5 14.e5 Nxc4 15.Bxa8 Qc8
16.Bf3 Nxb2 17.Bxb2 c4 18.Qc2 Nd5 19.Bc1 a5 20.Nf4 b3 21.Qb2 Nb6 22.Bd2 
Nxa4 23.Rxa4 Bxa4 24.Ra1 Qd7 25.Bxa5 Qb5 26.Qc3 g5 27.Nh5 Be7 28.Nf6+ Kf8 
29.Be2 b2 30.Rb1 Bb3 31.Rxb2 Ba3 32.Rb1 Kg7 33.Qd2 h6 34.Bc3 Rc8 35.h4 Kg6
36.Bh5+ Kg7 37.hxg5 1-0

[Event "XXIII Festival Conca della Presolana A"]
[Site "Bratto - Castione della Presolana ITA"]
[Date "2003.08.29"]
[Round "9"]
[White "Bentivegna, Francesco"]
[Black "Dittmar, Peter"]
[Result "1/2-1/2"]
[WhiteElo "2165"]
[BlackElo "2349"]
[PlyCount "117"]
[EventDate "2003.08.21"]

1.e4 e6 2.d4 d5 3.Nc3 Bb4 4.Ne2 Nc6 5.a3 Ba5 6.b4 Bb6 7.Bb2 Nf6 8.e5 Ng4 
9.Na4 O-O 10.Nxb6 axb6 11.Nf4 Nh6 12.Nh5 Nf5 13.Qg4 Qh4 14.Qxh4 Nxh4 15.
Kd2 Bd7 16.Bd3 Ne7 17.f4 f6 18.exf6 gxf6 19.f5 Nhxf5 20.Raf1 Be8 21.g4 
Bxh5 22.gxf5 exf5 23.Bxf5 Bg6 24.Be6+ Kh8 25.Rf2 Be4 26.Re1 f5 27.c4 c6 
28.cxd5 Nxd5 29.Ref1 Rad8 30.Bxf5 Bxf5 31.Rxf5 Rxf5 32.Rxf5 Kg7 33.Kd3 b5 
34.Bc1 Rd7 35.Bd2 Rf7 36.Ke4 Re7+ 37.Re5 Kf7 38.Rxe7+ Kxe7 39.Ke5 Nb6 40.
Bg5+ Kf7 41.Kd6 Nc4+ 42.Kc7 Ke6 43.Kxb7 Kd5 44.Bc1 Nd6+ 45.Kb6 Nf5 46.a4 
bxa4 47.b5 cxb5 48.Kxb5 Nxd4+ 49.Kxa4 Nf3 50.Bf4 Ke4 51.Bb8 Kf5 52.Kb3 Kg4
53.Kc3 Kh3 54.Kd3 Nxh2 55.Ke2 Ng4 56.Kf1 h5 57.Bc7 Ne3+ 58.Kg1 Nd5 59.Bd8 
1/2-1/2

[Event "XXIII Festival Conca della Presolana A"]
[Site "Bratto - Castione della Presolana ITA"]
[Date "2003.08.29"]
[Round "9"]
[White "Bonetti, Marco"]
[Black "Affinito, Pancrazio"]
[Result "0-1"]
[WhiteElo "2105"]
[BlackElo "2080"]
[PlyCount "112"]
[EventDate "2003.08.21"]

1.e4 c5 2.Nf3 Nc6 3.d3 g6 4.g3 Bg7 5.Bg2 Nf6 6.O-O O-O 7.Nbd2 d6 8.Re1 e5 
9.c3 Rb8 10.Nf1 Re8 11.h4 b5 12.Ne3 Bd7 13.Nh2 b4 14.Nd5 Nxd5 15.exd5 Ne7 
16.h5 bxc3 17.bxc3 Qa5 18.h6 Bh8 19.Bg5 Qxc3 20.Rc1 Qa3 21.Qf3 f5 22.Rb1 
Rb4 23.Qe2 Kf7 24.Nf1 Reb8 25.Rxb4 Rxb4 26.Bc1 Qa6 27.a3 Rd4 28.Be3 Rxd3 
29.Qb2 Qb6 30.Qa2 Qb3 31.Qxb3 Rxb3 32.Nd2 Rb7 33.Nc4 Nc8 34.Rd1 Bf6 35.Na5
Rb6 36.Bf3 Bd8 37.Nc4 Rb3 38.Kg2 Bb5 39.Nd2 Rxa3 40.Rb1 a6 41.Bd1 Nb6 42.
Nf3 Bd3 43.Ng5+ Bxg5 44.Rxb6 Bxe3 45.Rb7+ Kg8 46.fxe3 Be4+ 47.Bf3 Ra2+ 48.
Kh3 Bxf3 49.Kh4 Bxd5 50.Rc7 Kh8 51.Rd7 Rh2+ 52.Kg5 Rh5+ 53.Kf6 Rxh6 54.
Rd8+ Bg8 55.Kg5 Kg7 56.Rd7+ Bf7 0-1

[Event "XXIII Festival Conca della Presolana A"]
[Site "Bratto - Castione della Presolana ITA"]
[Date "2003.08.29"]
[Round "9"]
[White "Borgo, Giulio"]
[Black "Lucaroni, Massimiliano"]
[Result "1/2-1/2"]
[WhiteElo "2423"]
[BlackElo "2295"]
[PlyCount "57"]
[EventDate "2003.08.21"]

1.e4 e5 2.Nf3 Nc6 3.Bb5 a6 4.Ba4 Nf6 5.O-O Be7 6.Bxc6 bxc6 7.Re1 d6 8.d4 
exd4 9.Nxd4 Bd7 10.Qf3 O-O 11.c4 d5 12.e5 Ne4 13.Nc3 Bb4 14.Rd1 Bxc3 15.
bxc3 Qe7 16.Qe3 Qxe5 17.f3 Qh5 18.Ba3 Nd6 19.Bxd6 cxd6 20.Qe7 c5 21.Qxd7 
cxd4 22.Rxd4 Qe5 23.Kf2 Rfe8 24.cxd5 Qe3+ 25.Kg3 Qxc3 26.Rad1 Re2 27.Kh3 
Qc2 28.Rg1 Qc5 29.Qa4 1/2-1/2

[Event "XXIII Festival Conca della Presolana A"]
[Site "Bratto - Castione della Presolana ITA"]
[Date "2003.08.29"]
[Round "9"]
[White "Borroni, Enrico"]
[Black "Agnelli, Francesco"]
[Result "0-1"]
[WhiteElo "1908"]
[BlackElo "2102"]
[PlyCount "62"]
[EventDate "2003.08.21"]

1.d4 Nf6 2.Nf3 g6 3.e3 Bg7 4.Be2 d6 5.O-O O-O 6.b3 Nbd7 7.Bb2 Re8 8.c4 h6 
9.Nc3 e5 10.Qc2 e4 11.Nd2 Qe7 12.Rac1 c6 13.Rfd1 Nf8 14.d5 c5 15.a3 Bf5 
16.Nf1 N8h7 17.Ng3 Bc8 18.b4 b6 19.bxc5 bxc5 20.Ba1 h5 21.Nf1 h4 22.Rb1 
Ng5 23.Nd2 Ng4 24.Nb5 Bxa1 25.Rxa1 a6 26.Nc3 Qe5 27.Bxg4 Bxg4 28.Rdb1 Ra7 
29.Na4 h3 30.Qb2 Qf5 31.f4 exf3 0-1

[Event "XXIII Festival Conca della Presolana A"]
[Site "Bratto - Castione della Presolana ITA"]
[Date "2003.08.29"]
[Round "9"]
[White "Cardelli, Gabriele"]
[Black "Rago, Riccardo"]
[Result "0-1"]
[WhiteElo "1927"]
[BlackElo "2163"]
[PlyCount "76"]
[EventDate "2003.08.21"]

1.d4 Nf6 2.Bg5 e6 3.e4 h6 4.Bxf6 Qxf6 5.Nf3 b6 6.Bd3 Bb7 7.Nbd2 c5 8.c3 
cxd4 9.cxd4 Nc6 10.e5 Qd8 11.O-O Nb4 12.Bb1 Be7 13.a3 Nd5 14.Ne4 O-O 15.
Qd3 g6 16.Bc2 Rc8 17.Rac1 Rc7 18.Bb1 Qc8 19.Rxc7 Qxc7 20.h4 Kg7 21.Ng3 Rh8
22.Qd2 Rc8 23.h5 g5 24.Qd3 Rh8 25.Ne2 Bc6 26.Nd2 d6 27.f4 gxf4 28.Nxf4 
Nxf4 29.Rxf4 dxe5 30.dxe5 Bg5 31.Rg4 Qxe5 32.Nc4 Qf6 33.Rd4 Bb5 34.Qe4 
Bxc4 35.Rxc4 Rd8 36.Bd3 Qxb2 37.Qh7+ Kf8 38.Rc2 Qd4+ 0-1

[Event "XXIII Festival Conca della Presolana A"]
[Site "Bratto - Castione della Presolana ITA"]
[Date "2003.08.29"]
[Round "9"]
[White "Cebalo, Miso"]
[Black "Khenkin, Igor"]
[Result "1/2-1/2"]
[WhiteElo "2510"]
[BlackElo "2638"]
[PlyCount "21"]
[EventDate "2003.08.21"]

1.d4 d5 2.c4 c6 3.Nf3 Nf6 4.Nc3 e6 5.Bg5 h6 6.Bxf6 Qxf6 7.e3 Nd7 8.Bd3 
dxc4 9.Bxc4 g6 10.O-O Bg7 11.Qc2 1/2-1/2

[Event "XXIII Festival Conca della Presolana A"]
[Site "Bratto - Castione della Presolana ITA"]
[Date "2003.08.29"]
[Round "9"]
[White "Contin, Daniel"]
[Black "Drazic, Sinisa"]
[Result "0-1"]
[WhiteElo "2356"]
[BlackElo "2463"]
[PlyCount "218"]
[EventDate "2003.08.21"]

1.c4 c6 2.Nf3 g6 3.g3 Bg7 4.Bg2 e5 5.Nc3 d5 6.cxd5 cxd5 7.d4 e4 8.Ng5 Nc6 
9.Be3 h6 10.Nh3 g5 11.f3 exf3 12.exf3 Nge7 13.g4 f5 14.Qd2 O-O 15.O-O-O 
fxg4 16.fxg4 Bxg4 17.Rdg1 Qd7 18.Nf2 Rxf2 19.Bxf2 Bf5 20.Bf1 Rc8 21.b3 Qc7
22.Kb2 Nb4 23.Rg3 Qa5 24.a4 Ng6 25.Rhg1 a6 26.Bh3 Bxh3 27.Rxh3 Qc7 28.Be3 
Qf7 29.Rhg3 Rc6 30.Rd1 Nh4 31.Qe2 Qc7 32.Bxg5 hxg5 33.Qe8+ Kh7 34.Qh5+ Rh6
35.Qxg5 Ng6 36.h4 Qf4 37.h5 Qxg5 38.Rxg5 Nf4 39.Rf1 Bxd4 40.Rg4 Rc6 41.
Rfxf4 Bxc3+ 42.Kb1 a5 43.Rf7+ Kh6 44.Rxb7 Rf6 45.Rg6+ Rxg6 46.hxg6 Kxg6 
47.Rb5 d4 48.Rxa5 d3 49.Ra7 d2 50.Rd7 Kf6 51.a5 Ke5 52.Rxd2 Bxd2 53.a6 
Nxa6 54.Kc2 Bb4 55.Kd3 Kd5 56.Ke3 Nc5 57.Kf3 Ne6 58.Ke3 Nc5 59.Kf3 Kd4 60.
Kf4 Nd3+ 61.Kf3 Ne1+ 62.Kf4 Nc2 63.Kf5 Kd5 64.Kf4 Nd4 65.Ke3 Nc6 66.Kf4 
Na5 67.Ke3 Ke5 68.Kd3 Kd5 69.Ke3 Nb7 70.Kf4 Nd6 71.Ke3 Nb5 72.Kd3 Bc5 73.
b4 Bd4 74.Ke2 Ke4 75.Kd2 Ba7 76.Kc2 Be3 77.Kb3 Kd3 78.Ka4 Kc4 79.Ka5 Bf4 
80.Ka4 Nc3+ 81.Ka5 Bc7+ 82.Ka6 Nb5 83.Kb7 Bd6 84.Kc6 Bf8 85.Kb6 Nd4 86.b5 
Bd6 87.Ka6 Nxb5 88.Kb6 Nd4 89.Ka6 Kc5 90.Kb7 Nb5 91.Ka8 Bf4 92.Kb7 Nc7 93.
Ka7 Kc6 94.Kb8 Be3 95.Kc8 Ba7 96.Kd8 Nd5 97.Ke8 Bd4 98.Kd8 Be5 99.Kc8 Ne7+
100.Kd8 Kd6 101.Ke8 Ke6 102.Kf8 Nf5 103.Kg8 Bd6 104.Kh8 Kf7 105.Kh7 Bf8 
106.Kh8 Ne7 107.Kh7 Ng8 108.Kh8 Bg7+ 109.Kh7 Nf6# 0-1

[Event "XXIII Festival Conca della Presolana A"]
[Site "Bratto - Castione della Presolana ITA"]
[Date "2003.08.29"]
[Round "9"]
[White "Costantini, Roberto"]
[Black "Belotti, Bruno"]
[Result "1-0"]
[WhiteElo "2334"]
[BlackElo "2435"]
[PlyCount "87"]
[EventDate "2003.08.21"]

1.e4 c5 2.Nf3 e6 3.d4 cxd4 4.Nxd4 a6 5.Bd3 Bc5 6.Nb3 Ba7 7.Qe2 Nc6 8.Be3 
Nge7 9.Nc3 d6 10.O-O e5 11.Bxa7 Rxa7 12.Rad1 b5 13.Qd2 Be6 14.Be2 Nc8 15.
f4 exf4 16.Qxf4 O-O 17.Kh1 Ne5 18.Nd4 Rc7 19.a3 Re8 20.Nf5 Rc5 21.Rd2 Bxf5
22.exf5 Nc4 23.Bxc4 Rxc4 24.Rd4 Rxd4 25.Qxd4 Qb6 26.Qg4 Qf2 27.Qd1 Qe3 28.
f6 Re6 29.Qg4 g6 30.Nd5 Qe2 31.Qf4 Re5 32.Kg1 Rf5 33.Qc1 Rxf1+ 34.Qxf1 Qe5
35.Qd1 h5 36.c3 Kh7 37.h3 Kh6 38.Qd2+ g5 39.h4 a5 40.Ne7 Nb6 41.hxg5+ Kh7 
42.Qc2+ Kh8 43.Qf2 Nc4 44.g6 1-0

[Event "XXIII Festival Conca della Presolana A"]
[Site "Bratto - Castione della Presolana ITA"]
[Date "2003.08.29"]
[Round "9"]
[White "Danieli, Enrico"]
[Black "Bertagnolli, Gerhard"]
[Result "1/2-1/2"]
[WhiteElo "2120"]
[BlackElo "1870"]
[PlyCount "80"]
[EventDate "2003.08.21"]

1.d4 Nf6 2.Nf3 e6 3.e3 b6 4.Bd3 Bb7 5.O-O Be7 6.b3 O-O 7.Bb2 c5 8.c4 cxd4 
9.exd4 d5 10.Nc3 Nc6 11.Qe2 Nb4 12.Rfd1 Nxd3 13.Rxd3 Rc8 14.Ne5 Ba6 15.Nb5
dxc4 16.bxc4 Bxb5 17.cxb5 Nd5 18.g3 Bd6 19.Nc6 Qd7 20.a4 a5 21.Rdd1 Rc7 
22.Rac1 Rfc8 23.h4 g6 24.h5 Bf8 25.Kg2 Bh6 26.hxg6 hxg6 27.Ne5 Qd6 28.Rxc7
Rxc7 29.Nc6 Rxc6 30.bxc6 Qxc6 31.Kg1 Qxa4 32.Ra1 Qb4 33.Ba3 Qc3 34.Bb2 Qd2
35.Qb5 Kg7 36.Ba3 Be3 37.fxe3 Qxe3+ 38.Kg2 Qd2+ 39.Kh3 Qh6+ 40.Kg2 Qd2+ 
1/2-1/2

[Event "XXIII Festival Conca della Presolana A"]
[Site "Bratto - Castione della Presolana ITA"]
[Date "2003.08.29"]
[Round "9"]
[White "De Santis, Alessio"]
[Black "Piantoni, Roberto"]
[Result "1-0"]
[WhiteElo "2289"]
[BlackElo "2157"]
[PlyCount "83"]
[EventDate "2003.08.21"]

1.d4 Nf6 2.c4 c5 3.d5 b5 4.cxb5 a6 5.f3 g6 6.e4 d6 7.Nc3 Bg7 8.a4 axb5 9.
Bxb5+ Bd7 10.Nge2 Bxb5 11.Nxb5 O-O 12.O-O Nbd7 13.Nec3 Nb6 14.Qe2 Qd7 15.
Be3 Rfb8 16.b3 Ne8 17.Rac1 Nc8 18.f4 Na7 19.e5 Nxb5 20.Nxb5 Nc7 21.e6 fxe6
22.dxe6 Nxe6 23.Qg4 Rb7 24.f5 Nd4 25.Nxd4 cxd4 26.Bxd4 Rb4 27.Rc4 Rxc4 28.
bxc4 Bxd4+ 29.Qxd4 Qa7 30.Qxa7 Rxa7 31.fxg6 hxg6 32.Ra1 Kf7 33.a5 Ke6 34.
Kf2 Kd7 35.a6 Kc6 36.h4 e5 37.Ke3 Kc5 38.Ra4 d5 39.cxd5 Kxd5 40.Ra5+ Ke6 
41.Ke4 Kf6 42.g4 1-0

[Event "XXIII Festival Conca della Presolana A"]
[Site "Bratto - Castione della Presolana ITA"]
[Date "2003.08.29"]
[Round "9"]
[White "Del Rio Angelis, Salvador Gabriel"]
[Black "Maksimenko, Andrei"]
[Result "0-1"]
[WhiteElo "2479"]
[BlackElo "2512"]
[PlyCount "78"]
[EventDate "2003.08.21"]

1.e4 c5 2.Nf3 e6 3.d4 cxd4 4.Nxd4 a6 5.Nc3 Qc7 6.Be2 Nf6 7.O-O d6 8.f4 Be7
9.a4 Nc6 10.Be3 O-O 11.Kh1 Re8 12.Bf3 Bf8 13.Qd2 Na5 14.b3 Nc6 15.Rad1 Bd7
16.Nde2 Rad8 17.Qe1 Bc8 18.Qf2 Nd7 19.g4 b6 20.Bg2 Bb7 21.Rd2 Nb4 22.g5 g6
23.Nb1 Nc5 24.Ng3 e5 25.f5 d5 26.Bxc5 Bxc5 27.Qe2 d4 28.c3 dxc3 29.Nxc3 
Be7 30.Nd5 Nxd5 31.exd5 Bxg5 32.Rc2 Qe7 33.Ne4 Bf4 34.fxg6 hxg6 35.Rd1 
Bxd5 36.Rxd5 Rxd5 37.Nf6+ Qxf6 38.Bxd5 Rd8 39.Bf3 Kg7 0-1

[Event "XXIII Festival Conca della Presolana A"]
[Site "Bratto - Castione della Presolana ITA"]
[Date "2003.08.29"]
[Round "9"]
[White "Dervishi, Erald"]
[Black "De Vita, Igor"]
[Result "1-0"]
[WhiteElo "2495"]
[BlackElo "2158"]
[PlyCount "85"]
[EventDate "2003.08.21"]

1.e4 c5 2.Nf3 Nc6 3.d4 cxd4 4.Nxd4 e5 5.Nb5 d6 6.c4 Be7 7.Be2 Nf6 8.N1c3 
a6 9.Na3 Be6 10.O-O O-O 11.Be3 Rc8 12.Rc1 Nd7 13.Qd2 h6 14.Rfd1 Qe8 15.Nd5
Bd8 16.b4 Ne7 17.c5 dxc5 18.Nc4 Rc6 19.bxc5 Nxc5 20.Nb4 Nxe4 21.Qc2 Nxf2 
22.Bxf2 Rc8 23.Qb2 Nf5 24.Qxe5 Bg5 25.Rc2 Qb5 26.Qxb5 axb5 27.Nb6 Ne3 28.
Rxc8 Rxc8 29.Nxc8 Nxd1 30.Bxd1 Bxc8 31.Bf3 Be7 32.a3 Kf8 33.Kf1 Bd6 34.h3 
Ke7 35.Bd4 g6 36.Ke2 f5 37.Be3 g5 38.Bd5 Kf6 39.Bd4+ Be5 40.Kd3 h5 41.Bb3 
Bxd4 42.Kxd4 Be6 43.Nd5+ 1-0

[Event "XXIII Festival Conca della Presolana A"]
[Site "Bratto - Castione della Presolana ITA"]
[Date "2003.08.29"]
[Round "9"]
[White "Drabke, Lorenz Maximilian"]
[Black "Tatai, Stefano"]
[Result "1-0"]
[WhiteElo "2448"]
[BlackElo "2343"]
[PlyCount "89"]
[EventDate "2003.08.21"]

1.e4 e5 2.Bc4 Nf6 3.d3 Nc6 4.Nf3 Bc5 5.O-O d6 6.c3 a6 7.Bb3 h6 8.Nbd2 Be6 
9.Nc4 Ba7 10.Be3 O-O 11.Bxa7 Rxa7 12.Ne3 Qd7 13.Nh4 Ne7 14.f4 Bxb3 15.axb3
Ng6 16.Nxg6 fxg6 17.b4 Raa8 18.Rf3 Rae8 19.Qb3+ Kh7 20.Raf1 c6 21.fxe5 
Rxe5 22.h3 Rfe8 23.Rxf6 gxf6 24.Ng4 Qe6 25.Nxf6+ Kh8 26.Qd1 Re7 27.Ng4 Rg5
28.Qf3 Re8 29.Qe3 c5 30.Nxh6 Rh5 31.Ng4 Kg7 32.Nf6 Qxf6 33.Rxf6 Kxf6 34.
Qf4+ Ke7 35.bxc5 Rxc5 36.Qh4+ Kd7 37.Qg4+ Kc7 38.Qxg6 Rce5 39.h4 R5e6 40.
Qf5 Re5 41.Qf4 Rh8 42.Kh2 Re7 43.Kh3 Reh7 44.Qf2 Rg8 45.g4 1-0

[Event "XXIII Festival Conca della Presolana A"]
[Site "Bratto - Castione della Presolana ITA"]
[Date "2003.08.29"]
[Round "9"]
[White "Friedrich, Norbert"]
[Black "Capitelli, Paolo"]
[Result "1-0"]
[WhiteElo "2252"]
[BlackElo "2128"]
[PlyCount "125"]
[EventDate "2003.08.21"]

1.e4 c5 2.Nf3 e6 3.d4 cxd4 4.Nxd4 Nf6 5.Nc3 Nc6 6.Ndb5 Bb4 7.a3 Bxc3+ 8.
Nxc3 d5 9.exd5 exd5 10.Bd3 O-O 11.O-O Bg4 12.f3 Bh5 13.Bg5 Qb6+ 14.Kh1 Ne4
15.Nxe4 dxe4 16.Bxe4 Qxb2 17.Rb1 Qxa3 18.Rxb7 Qc5 19.Qd5 Qxd5 20.Bxd5 Rac8
21.Ra1 a5 22.c4 Rfe8 23.h4 Bg6 24.Bf4 Nd8 25.Rc7 Ne6 26.Rxc8 Rxc8 27.Bd6 
Rd8 28.Be5 h5 29.Rxa5 Bf5 30.Ra7 Kf8 31.Kg1 f6 32.Bb2 Re8 33.Kf2 Kg8 34.
Ba3 Kh7 35.Re7 Rxe7 36.Bxe7 Nf4 37.Bb7 Ng6 38.Bd6 Nxh4 39.c5 Be6 40.c6 Nf5
41.Bc5 g5 42.c7 Ng7 43.c8=Q Bxc8 44.Bxc8 Kg6 45.Bd7 Kf7 46.Ba3 h4 47.Ke3 
Nh5 48.Bd6 Ng7 49.Ke4 Nh5 50.Kd5 Ng7 51.f4 gxf4 52.Bxf4 Kg6 53.Ke4 Kf7 54.
Bh6 Nh5 55.Kf3 Kg6 56.Bf4 Ng7 57.Kg4 Kh7 58.Kxh4 Kg6 59.Kg4 Kf7 60.Bh6 Ne6
61.Bxe6+ Kxe6 62.Kf4 Ke7 63.Kf5 1-0

[Event "XXIII Festival Conca della Presolana A"]
[Site "Bratto - Castione della Presolana ITA"]
[Date "2003.08.29"]
[Round "9"]
[White "Galli, Fabio"]
[Black "Rigamonti, Stefano"]
[Result "1/2-1/2"]
[WhiteElo "2086"]
[BlackElo "1905"]
[PlyCount "82"]
[EventDate "2003.08.21"]

1.e4 e5 2.Nf3 Nc6 3.Bb5 a6 4.Bxc6 dxc6 5.d4 exd4 6.Qxd4 Qxd4 7.Nxd4 Bd7 8.
Be3 O-O-O 9.Nd2 Ne7 10.O-O h6 11.f4 f5 12.c4 fxe4 13.Nxe4 Nf5 14.Nxf5 Bxf5
15.Nf2 Bb4 16.Rfd1 Bc2 17.Rxd8+ Rxd8 18.Kf1 Re8 19.Bd4 Bd2 20.Bxg7 Bxf4 
21.Re1 Rxe1+ 22.Kxe1 Bxh2 23.Bxh6 Be5 24.Bc1 Bb1 25.a3 Ba2 26.c5 Bg3 27.
Ke2 Bd5 28.Kf1 Kd7 29.Nd3 Bc4 30.Ke2 Ke6 31.Kf3 Bxd3 32.Kxg3 Kd5 33.Be3 
Kc4 34.Kf4 Kb3 35.Bd4 b6 36.cxb6 cxb6 37.Bxb6 Kxb2 38.Bc5 Kb3 39.Ke5 Kc4 
40.Kd6 Kb5 41.g4 Bg6 1/2-1/2

[Event "XXIII Festival Conca della Presolana A"]
[Site "Bratto - Castione della Presolana ITA"]
[Date "2003.08.29"]
[Round "9"]
[White "Garrapa, Gianluigi"]
[Black "Scacco, Mauro"]
[Result "0-1"]
[WhiteElo "1909"]
[BlackElo "2090"]
[PlyCount "78"]
[EventDate "2003.08.21"]

1.e4 e5 2.Nf3 Nc6 3.Bc4 Bc5 4.c3 Qe7 5.O-O d6 6.d4 Bb6 7.h3 Nf6 8.Re1 h6 
9.d5 Nb8 10.Bd3 g5 11.Nh2 g4 12.hxg4 Rg8 13.g5 hxg5 14.Nd2 g4 15.g3 Rh8 
16.Ndf1 Nh7 17.Nxg4 Ng5 18.Be3 Nd7 19.Bxb6 axb6 20.Kg2 Nf6 21.Nfh2 Bd7 22.
Nxf6+ Qxf6 23.Rh1 Bh3+ 24.Kg1 Ke7 25.f3 Rag8 26.Kf2 Bd7 27.Kg2 Rh3 28.Ng4 
Bxg4 29.fxg4 Rxg3+ 30.Kxg3 Qf4+ 31.Kg2 Nxe4 32.Bxe4 Rxg4+ 33.Qxg4 Qxg4+ 
34.Kf2 Qxe4 35.Raf1 Qxd5 36.Ke2 Qxa2 37.Rh7 Qxb2+ 38.Kd3 Qb5+ 39.c4 Qb3+ 
0-1

[Event "XXIII Festival Conca della Presolana A"]
[Site "Bratto - Castione della Presolana ITA"]
[Date "2003.08.29"]
[Round "9"]
[White "Gosio, Denis"]
[Black "Zoldan, Matteo"]
[Result "1-0"]
[WhiteElo "2160"]
[BlackElo "2104"]
[PlyCount "71"]
[EventDate "2003.08.21"]

1.e4 c5 2.Nf3 Nc6 3.d4 cxd4 4.Nxd4 Qb6 5.Nb3 Nf6 6.Nc3 e6 7.Be3 Qc7 8.a3 
Be7 9.f4 d6 10.Bd3 a6 11.O-O b5 12.Qf3 Bb7 13.Rae1 b4 14.axb4 Nxb4 15.Nd4 
O-O 16.Bf2 Rad8 17.Kh1 Nd7 18.Qh3 Bf6 19.Re2 Rfe8 20.Bg1 Nf8 21.f5 exf5 
22.Nxf5 Bc8 23.Qf3 Bxf5 24.Qxf5 Ng6 25.Nd5 Nxd5 26.exd5 Rxe2 27.Bxe2 Bxb2 
28.Bxa6 Re8 29.Rb1 Bf6 30.c4 Re5 31.Qc2 Qe7 32.Qf2 h5 33.Qd2 Re2 34.Qd3 
Rxg2 35.Rb8+ Kh7 36.Kxg2 1-0

[Event "XXIII Festival Conca della Presolana A"]
[Site "Bratto - Castione della Presolana ITA"]
[Date "2003.08.29"]
[Round "9"]
[White "Horvath, Csaba"]
[Black "Shytaj, Luca"]
[Result "1-0"]
[WhiteElo "2513"]
[BlackElo "2336"]
[PlyCount "55"]
[EventDate "2003.08.21"]

1.d4 Nf6 2.Nf3 g6 3.c4 Bg7 4.Nc3 d5 5.Bf4 c6 6.e3 O-O 7.h3 Na6 8.Be2 dxc4 
9.Bxc4 b5 10.Be2 b4 11.Na4 Qa5 12.O-O Nd5 13.Be5 f6 14.Bg3 Nb6 15.Nxb6 
Qxb6 16.Rc1 Bb7 17.Qc2 Rac8 18.Bc4+ Kh8 19.Be6 Rcd8 20.Rfd1 c5 21.d5 Bc8 
22.Bxc8 Rxc8 23.Nd2 e5 24.Nc4 Qc7 25.f4 exf4 26.Bxf4 Qd7 27.e4 Rfd8 28.Nd6
1-0

[Event "XXIII Festival Conca della Presolana A"]
[Site "Bratto - Castione della Presolana ITA"]
[Date "2003.08.29"]
[Round "9"]
[White "Isonzo, David"]
[Black "Satta, Vladimiro"]
[Result "1/2-1/2"]
[WhiteElo "2347"]
[BlackElo "2242"]
[PlyCount "27"]
[EventDate "2003.08.21"]

1.Nf3 g6 2.e4 d6 3.d4 Bg7 4.Nc3 a6 5.Be3 b5 6.Qd2 Bb7 7.Bd3 Nd7 8.O-O c5 
9.dxc5 Nxc5 10.a4 b4 11.Nd5 Bxd5 12.exd5 Bxb2 13.Bd4 Bxd4 14.Nxd4 1/2-1/2

[Event "XXIII Festival Conca della Presolana A"]
[Site "Bratto - Castione della Presolana ITA"]
[Date "2003.08.29"]
[Round "9"]
[White "Lalic, Bogdan"]
[Black "Sax, Gyula"]
[Result "1/2-1/2"]
[WhiteElo "2503"]
[BlackElo "2521"]
[PlyCount "21"]
[EventDate "2003.08.21"]

1.d4 Nf6 2.c4 e6 3.Nc3 Bb4 4.Qc2 O-O 5.a3 Bxc3+ 6.Qxc3 b6 7.Bg5 Bb7 8.f3 
h6 9.Bh4 d6 10.e4 c5 11.dxc5 1/2-1/2

[Event "XXIII Festival Conca della Presolana A"]
[Site "Bratto - Castione della Presolana ITA"]
[Date "2003.08.29"]
[Round "9"]
[White "Lanzani, Giuliano"]
[Black "Guglielmi, Giuseppe"]
[Result "0-1"]
[WhiteElo "2092"]
[BlackElo "1991"]
[PlyCount "94"]
[EventDate "2003.08.21"]

1.e4 c5 2.Nc3 Nc6 3.g3 g6 4.Bg2 Bg7 5.Nge2 d6 6.d3 Nf6 7.Be3 O-O 8.h3 Rb8 
9.Qd2 b5 10.Bh6 b4 11.Nd1 Bxh6 12.Qxh6 Nd4 13.Ne3 Ba6 14.Nxd4 cxd4 15.Ng4 
Nd7 16.h4 Qa5 17.Qg5 e5 18.O-O f6 19.Qd2 Qc5 20.h5 f5 21.exf5 gxf5 22.Qg5+
Kh8 23.Nh6 e4 24.Qe7 Ne5 25.a3 b3 26.cxb3 Rbe8 27.Qg5 Nxd3 28.Rac1 Qa5 29.
b4 Qd8 30.Qxd8 Rxd8 31.Rc7 Ne5 32.Rd1 Bd3 33.f4 exf3 34.Bh3 Rf6 35.Nf7+ 
Rxf7 36.Rxf7 Be2 37.Rxh7+ Kxh7 38.Bxf5+ Kh6 39.Rxd4 Kxh5 40.Kf2 Kg5 41.Be4
Rc8 42.Bxf3 Bxf3 43.Rxd6 Rc2+ 44.Kf1 Kg4 45.Ke1 Kxg3 46.Rd8 Kf4 47.Rd2 
Rc1+ 0-1

[Event "XXIII Festival Conca della Presolana A"]
[Site "Bratto - Castione della Presolana ITA"]
[Date "2003.08.29"]
[Round "9"]
[White "Lovati, Paolo"]
[Black "Astengo, Corrado"]
[Result "0-1"]
[WhiteElo "2089"]
[BlackElo "2170"]
[PlyCount "62"]
[EventDate "2003.08.21"]

1.c4 c6 2.Nf3 Nf6 3.g3 d5 4.b3 Bf5 5.Bg2 e6 6.O-O Nbd7 7.Bb2 Be7 8.d3 h6 
9.Nbd2 O-O 10.Rc1 Re8 11.Rc2 a5 12.a3 Bf8 13.cxd5 exd5 14.Nd4 Bh7 15.Re1 
Qb6 16.Rc1 Rad8 17.N4f3 Bc5 18.d4 Bd6 19.e3 Re7 20.Nb1 Ne4 21.Nc3 Nxc3 22.
Rxc3 Nf6 23.Nd2 Rde8 24.Qc1 h5 25.h4 Qc7 26.Nf1 Ne4 27.Bxe4 Bxe4 28.Qd1 
Qd7 29.Kh2 Qf5 30.Qe2 Bf3 31.Qc2 Re4 0-1

[Event "XXIII Festival Conca della Presolana A"]
[Site "Bratto - Castione della Presolana ITA"]
[Date "2003.08.29"]
[Round "9"]
[White "Mantovani, Renzo"]
[Black "Castaldo, Folco"]
[Result "0-1"]
[WhiteElo "2375"]
[BlackElo "2322"]
[PlyCount "72"]
[EventDate "2003.08.21"]

1.b3 e5 2.Bb2 d6 3.e3 Nf6 4.c4 g6 5.Nf3 Bg7 6.d4 exd4 7.exd4 O-O 8.Be2 d5 
9.O-O Re8 10.Nbd2 Nbd7 11.Ne5 Nf8 12.Ndf3 N6d7 13.cxd5 Nb6 14.Bb5 Bd7 15.
Bc4 Nc8 16.Rc1 Nd6 17.Re1 Bf5 18.Qd2 f6 19.Bf1 Be4 20.Nc4 Bxd5 21.Rxe8 
Nxe8 22.Ne1 Nd6 23.Nd3 Qd7 24.Nf4 Bf7 25.Nd3 Re8 26.Nc5 Qe7 27.Ba3 Nxc4 
28.bxc4 b6 29.Rc3 bxc5 30.Bxc5 Qe1 31.Qc2 Bh6 32.d5 Bd2 33.Re3 Bxe3 34.
fxe3 Rb8 35.Bxa7 Rb1 36.Qd3 Rd1 0-1